00697nam a2200241 a 4500001001300000003000900013005001700022008004100039020002300080082001600103100002000119245002500139260004900164300000900213500003500222505001000257650001400267650002500281902000800306942000700314952011700321999001700438nice12345678IN_TiNIC20260116013605.0050524s1990 alba grp 000 0 eng  a0791488 c41400a291.13bREY aReynolds, Frank aMyth and Philosophy. aAlbany bState University of New York c1990 a382p aincludes index and biblioraphy2 aIndex aMythology aComparative Religion bSRS cBK 001040708StackRoom-aHMIbHMId2007-07-20g414.00l0o291.13 REYp015028r2007-07-20v414.00w2005-05-24yBK c11570d11570